Responses for Show #5245 - Friday, June 1, 2007

Contestants

[<< previous game]

Lilly Ridge, a technical editor originally from Cedar Rapids, Iowa

Bobbie Cassell, a retired teacher from Cedar Bluff, Virginia

Mike Donner, a construction worker from Norfolk, Virginia (whose 1-day cash winnings total $7,999)

[next game >>]

Jeopardy! Round responses

SIX MILLION-DOLLAR MEN
BARELY ALIVE
WE CAN REBUILD "HIM"
WE HAVE THE TECHNOLOGY
BETTER, STRONGER
FASTER
    $200 6
(David) Packard

Mike
    $200 20
a coma

Lilly
    $200 1
a thimble

Mike
    $200 19
a global positioning system

Bobbie
    $200 14
the free throw

Mike
    $200 9
(Mohandas) Gandhi

Mike
    $400 7
(Mike: Who is Rockefeller?)

the Brown family

Mike
Triple Stumper
    $400 25
the pupils

Lilly
    $400 2
a whimper

Mike
    $400 21
(Bobbie: What's an iPod?)

the BlackBerry

BobbieLilly
    $400 15
a perfect game

Mike
    $400 10
Mount Sinai

Mike
    $600 8
Howard Hughes

Triple Stumper
    $600 28
a flatline

Lilly
    $600 3
a chimney

Lilly
    $600 22
Sony

Lilly
    $600 16
penalty box minutes

Mike
    $600 11
women's suffrage

Mike
    $800 30
Holiday Inn

Mike
    $800 27
DNR (do not resuscitate)

Mike
    $800 4
Hiroshima

Bobbie
    $1,800 23
(Alex: All right, I would think that that would be the correct thing to do for a woman who dated identical twins.)
(Lilly: Very daring.)
...
(Alex: Harald [*].)

Bluetooth

Lilly
    $800 17
100 meters

Mike
    $800 12
the IRA

Mike
    $1000 29
the Taj Mittal

Lilly
    $1000 26
a defibrillator

Mike
    $1000 5
Archimedes

Bobbie
    $1000 24
ethernet

Lilly
    $1000 18
(Bobbie: Who is John L. Sullivan?)
(Mike: Who is Dempsey?)

Jack Johnson

MikeBobbie
Triple Stumper
    $1000 13
(Alex: Don't be afraid to ring in, now.)

Saint Francis of Assisi

Triple Stumper

Scores at the first commercial break (after clue 15):

Mike Bobbie Lilly
$3,000 $1,800 $600

Scores at the end of the Jeopardy! Round:

Mike Bobbie Lilly
$6,000 $600 $6,600

Double Jeopardy! Round responses

IN THE SONG OF HIAWATHA
'90s TV
ALSO A SUPREME COURT CHIEF JUSTICE
DUTCH TREATY
HE'S DEAD, JIM
PART-LY CORRECT
    $400 1
corn

Lilly
    $400 2
Homicide: Life on the Street

Mike
    $400 5
(Lilly: [long pause] I forgot.)

(Warren) Burger

MikeLilly
    $400 12
the Boer War

Lilly
    $400 26
Jimmy Hoffa

Mike
    $400 17
chapters

Mike
    $800 3
the birch

Bobbie
    $800 13
Felicity

Lilly
    $800 6
Roberts

Mike
    $800 22
the Congress of Vienna

Bobbie
    $800 27
(James) Naismith

Mike
    $800 18
(Alex: I only want [*], just a little piece.)

a sliver

Triple Stumper
    $1200 4
a wild goose

Mike
    $1200 14
(Alex: That was the series.)

Twin Peaks

Mike
    $1200 7
(Bobbie: What is--who is Hutch?)

(Earl) Warren

MikeBobbie
    $1200 23
(Alex: The country is [*].)

Malaysia

Triple Stumper
    $1200 28
James Fenimore Cooper

Bobbie
    $1200 19
a quadrant

Mike
    $1600 10
the Mississippi

Bobbie
    $3,000 15
That '70s Show

Mike
    $3,000 8
(Alex: Former Supreme Court Justice.)

(Salmon P.) Chase

Mike
    $1600 24
Spain

Bobbie
    $1600 29
Diamond Jim Brady

Bobbie
    $1600 20
spheres of influence

Mike
    $2000 11
Nokomis

Bobbie
    $2000 16
(Bobbie: Who is La Femme Nikita?)

Aeon Flux

BobbieLilly
    $2000 9
(Harlan) Stone

Bobbie
    $2000 25
Utrecht

Mike
    $2000 30
James A. Garfield

Mike
    $2000 21
a sector

Mike

Scores at the end of the Double Jeopardy! Round:

Mike Bobbie Lilly
$27,600 $9,000 $9,800
(lock game)

[wagering suggestions for these scores]

Final Jeopardy! Round responses

17th CENTURY PERSONALITIES
(Alex: [To Bobbie] [*], the physician who discovered how blood circulates through the body.)
...
(Alex: [To Lilly] Picked Grey instead, thinking of Gray's Anatomy.)
BobbieWho was Harvey?
$7,000
LillyWho is Grey?
$9,798
MikeWho is Lister?
$5,000
(William) Harvey

Final scores:

Mike Bobbie Lilly
$22,600 $16,000 $2
2-day champion: $30,599 2nd place: $2,000 3rd place: $1,000

Game dynamics:

Coryat scores:

Mike Bobbie Lilly
$24,800 $9,000 $8,800
30 R
(including 2 DDs),
2 W
11 R,
4 W
13 R
(including 1 DD),
1 W

Combined Coryat: $42,600

[game clues] [game scores] [suggest correction]

Game tape date: 2007-02-21
The J! Archive is created by fans, for fans. Scraping, republication, monetization, and malicious use prohibited; this site may use cookies and collect identifying information. See terms. The Jeopardy! game show and all elements thereof, including but not limited to copyright and trademark thereto, are the property of Jeopardy Productions, Inc. and are protected under law. This website is not affiliated with, sponsored by, or operated by Jeopardy Productions, Inc. Join the discussion at JBoard.tv.